000
003180000a22001450004500
003
MACL
040
_a
MACL
090
_c
32324
_d
32322
100
_a
Oberoi, Preeti
245
_a
System Analysis And Control techniques
260
_b
Sarup & Sons
_c
2002
350
_a
375
650
_a
System
942
_c
BOOK
_k
003.1/Obe
999
_c
31995
_d
31995